000 00261nam a2200097Ia 4500
005 20251222114359.0
008 251222s1900||||xx |||||||||||||| ||spa||
082 _aDVD0070/T72/2005
245 0 _aLa Leyenda del Pianista en el Océano:The Legend of 1990
942 _cDVD
999 _c1544
_d1544